Confederate States Of The U.S. Civil War - Sudden Death - Statistics

General Stats
  • This quiz has been taken 106 times
  • The average score is 8 of 11
Answers on the Grid
Answers color-coded by a green-red scale on the quiz's grid according to % correct below.
Alabama
Arkansas
Florida
Georgia
Louisiana
Mississippi
North Carolina
South Carolina
Tennessee
Texas
Virginia
West Virginia
Utah
New York
Kentucky
Delaware
Maryland
Missouri
Oklahoma
Idaho
Arizona
New Mexico
 
Answer Stats
Answer % Correct
Alabama
80%
Mississippi
80%
Georgia
78%
South Carolina
75%
Florida
68%
Louisiana
68%
Tennessee
68%
North Carolina
67%
Texas
65%
Virginia
65%
Arkansas
62%
No matching quizzes found
Score Distribution
Percent of People with Each Score
Percentile by Number Answered
Your Score History
You have not taken this quiz